LEADER 00821nam2-22003011i-450- 001 990000899630403321 005 20001010 035 $a000089963 035 $aFED01000089963 035 $a(Aleph)000089963FED01 035 $a000089963 100 $a20001010d--------km-y0itay50------ba 101 0 $aita 105 $ay-------001yy 200 1 $aVol.9 210 $aAmsterdam$cElsevier Scient.Company$d1976 215 $ap.554$dill.$dcm 24 461 0$1001000088283$12001$aLaterite soil Engineering Developments in Geotechnical Engineering Vol.9 610 0 $aFondazione 700 1$aGidigasu,$bM.D.$043193 801 0$aIT$bUNINA$gRICA$2UNIMARC 901 $aBK 912 $a990000899630403321 952 $a000089963000001$fIINTC 959 $aIINTC 996 $aVol.9$9357676 997 $aUNINA DB $aING01 LEADER 00966nam a2200253 a 4500 001 991001022379707536 008 110119s2009 it 001 0 ita 020 $a9788845924095 035 $ab13948167-39ule_inst 040 $aDip.to Studi Storici$bita 082 04$a892.435 100 1 $aAgnon, Samuel Joseph$0440624 245 13$aLa leggenda dello scriba e altri racconti /$c S. Y. Agnon ; traduzione di Anna Linda Callow e Claudia Rosenzweig 260 $aMilano :$bAdelphi, $c2009 300 $a154 p. ;$c23 cm. 440 0$aBiblioteca Adelphi ;$v544 700 1 $aRosenzweig, Claudia 700 1 $aCallow, Anna Linda 907 $a.b13948167$b24-01-11$c19-01-11 912 $a991001022379707536 945 $aLE023 892.435 AGN 1 1 $g1$i2023000124543$lle023$o-$pE16.00$q-$rl$s- $t0$u3$v0$w3$x0$y.i15222068$z21-01-11 996 $aLeggenda dello scriba e altri racconti$9250859 997 $aUNISALENTO 998 $ale023$b03-12-10$cm$da $e-$fita$git $h3$i0 LEADER 05282nam1 22007693i 450 001 CFI0192925 005 20251003044132.0 010 $a8815020527 100 $a19920510d1989 ||||0itac50 ba 101 | $aita$ceng 102 $ait 181 1$6z01$ai $bxxxe 182 1$6z01$an 183 1$6z01$anc$2RDAcarrier 200 1 $aStato, mercato e libertà$fJames M. Buchanan$ga cura di Domenico da Empoli 210 $aBologna$cIl mulino$dc1989 215 $a317 p.$d22 cm 225 | $aCollezione di testi e di studi$i. Economia 300 $aTraduzione di Emma Galli 410 0$1001CFI0036527$12001 $aCollezione di testi e di studi$i. Economia 464 1$1001LO11679184$12001 $aˆLa ‰teoria pura della finanza pubblica$euna nuova impostazione$f[James M. Buchanan]$v1$1700 1$aBuchanan$b, James M.$3CFIV003580 464 1$1001LO11679186$12001 $aScelta sociale, democrazia e liberi mercati$f[James M. Buchanan]$v2$1700 1$aBuchanan$b, James M.$3CFIV003580 464 1$1001LO11679188$12001 $aˆLa ‰scelta individuale nel voto e nel mercato$f [James M. Buchanan]$v3$1700 1$aBuchanan$b, James M.$3CFIV003580 464 1$1001LO11679189$12001 $aPolitiche, politica e margini pigouviani$f[James M. Buchanan]$v5$1700 1$aBuchanan$b, James M.$3CFIV003580 464 1$1001LO11679191$12001 $aEconomia positiva, economia del benessere ed economia politica$f[James M. Buchanan]$v4$1700 1$aBuchanan$b, James M.$3CFIV003580 464 1$1001LO11679193$12001 $aˆLa ‰rilevanza dell'ottimalità paretiana$f[James M. Buchanan]$v6$1700 1$aBuchanan$b, James M.$3CFIV003580 464 1$1001LO11679194$12001 $aˆUna ‰teoria economica dei club$f[James M. Buchanan]$v7$1700 1$aBuchanan$b, James M.$3CFIV003580 464 1$1001LO11679195$12001 $aˆLa ‰struttura istituzionale dell'esternalità$f[James M. Buchanan]$v8$1700 1$aBuchanan$b, James M.$3CFIV003580 464 1$1001LO11679197$12001 $aˆUn ‰paradigma contrattualista per l'applicazione della teoria economica$f[James M. Buchanan]$v9$1700 1$aBuchanan$b, James M.$3CFIV003580 464 1$1001LO11679199$12001 $aˆLa ‰prospettiva della public choice$f[James M. Buchanan]$v10$1700 1$aBuchanan$b, James M.$3CFIV003580 464 1$1001LO11679201$12001 $aˆIl ‰potenziale di tirannia nella politica come scienza$f[James M. Buchanan]$v11$1700 1$aBuchanan$b, James M.$3CFIV003580 464 1$1001LO11679204$12001 $aˆL'‰ordine definito nel suo emergere$f[James M. Buchanan]$v13$1700 1$aBuchanan$b, James M.$3CFIV003580 464 1$1001LO11679205$12001 $aEvoluzione culturale e riforma istituzionale$f[James M. Buchanan]$v13$1700 1$aBuchanan$b, James M.$3CFIV003580 464 1$1001LO11679207$12001 $aComunità morale, ordine morale o anarchia morale$f[James M. Buchanan]$v14$1700 1$aBuchanan$b, James M.$3CFIV003580 464 1$1001LO11679208$12001 $aNorme distributive e redistributive$euna nota di chiarimento$f[James M. Buchanan]$v15$1700 1$aBuchanan$b, James M.$3CFIV003580 464 1$1001LO11679209$12001 $aˆLa ‰dimensione morale del finanziamento del debito$f[James M. Buchanan]$v16$1700 1$aBuchanan$b, James M.$3CFIV003580 464 1$1001LO11679210$12001 $aDemocrazia costituzionale, libertà individuale ed eguaglianza politica$f[James M. Buchanan]$v17$1700 1$aBuchanan$b, James M.$3CFIV003580 500 10$aLiberty, market and state$3RMS1531735$9CFIV003580$915267 517 1 $aCollezione di testi e di studi. Economia. I grandi economisti contemporanei.$9CFI0253153 606 $aPolitica economica$xTeorie$2FIR$3CFIC070406$9E 606 $aFinanza pubblica$xTeorie$2FIR$3CFIC077217$9E 606 $aECONOMIA$xIntervento statale$xTeorie$2FIR$3RAVC051197$9I 676 $a330$9SCIENZE ECONOMICHE$v19 676 $a330$9ECONOMIA$v21 676 $a330.01$9Economia. Filosofia e teoria$v20 676 $a330.1$9ECONOMIA. SISTEMI, SCUOLE, TEORIE$v21 676 $a336$9Finanza pubblica$v12 676 $a338.9001$9SVILUPPO ECONOMICO. Filosofia e teoria$v23 696 $aEconomia reale$aAttività economiche$aAspetti economici 699 $aEconomia$yEconomia reale 699 $aEconomia$zAttività economiche 699 $aEconomia$zAspetti economici 700 1$aBuchanan$b, James M.$3CFIV003580$4070$0329769 702 1$aDa Empoli$b, Domenico$3CFIV077163$4340 702 1$aGalli$b, Emma$3UBOV698400$4730 790 1$aBuchanan$b, James$3CFIV170793$zBuchanan, James M. 790 1$aBuchanan$b, James McGill$3TO0V159241$zBuchanan, James M. 801 3$aIT$bIT-000000$c19920510 850 $aIT-BN0095 $aIT-NA0452 901 $bNAP IS$cISFSE $nSezione di materie economiche e sociali dell' ex Istituto sulle strutture finanziarie e lo sviluppo economico 901 $bNAP 01$cPOZZO LIB.$nVi sono collocati fondi di economia, periodici di ingegneria e scienze, periodici di economia e statistica e altri fondi comprendenti documenti di economia pervenuti in dono. 912 $aCFI0192925 950 1$aBiblioteca Centralizzata di Ateneo$c1 v.$d 01POZZO LIB.ECON MON 6266$e 0101 0070044205E VMA 1 v. ( Precedente collocazione 4 EC 420)$fB $h20220711$i20220711 967 $n17 977 $a 01$a IS 996 $aLiberty, market and state$915267 997 $aUNISANNIO